00736cam a22002057a 4500008004100000020002500041100001700066245010800083260006200191300004100253504004100294650003700335650006800372700001900440700002200459710002200481003000100503005001700504040000900521  a9781900510660 (hbk.)1 aRoss, Peter.10aTimber in contemporary architecture :ba designer's guide /cPeter Ross, Giles Downes, Andrew Lawrence. aHigh Wycombe, Buckinghamshire :bTRADA Technology,c2009. a192 p. :bill. (some col.) ;c28 cm. aIncludes bibliographical references. 0aBuilding, WoodenzGreat Britain. 0aWooden-frame buildingszGreat BritainxDesign and construction.1 aDownes, Giles.1 aLawrence, Andrew.2 aTRADA Technology.20241031121950.0 cNUST